Siting and designing windfarms in the landscape (Record no. 110456)

MARC details
000 -LEADER
fixed length control field 01129cad a22002175a 4500
001 - CONTROL NUMBER
control field E149283
008 - FIXED-LENGTH DATA ELEMENTS--GENERAL INFORMATION
fixed length control field 100217s2009 xxk f 000 0 eng d
035 ## - SYSTEM CONTROL NUMBER
System control number (Sirsi) u149283
041 0# - LANGUAGE CODE
Language code of text/sound track or separate title eng
050 04 - LIBRARY OF CONGRESS CALL NUMBER
Classification number 621.45 $2 18
110 2# - MAIN ENTRY--CORPORATE NAME
Corporate name or jurisdiction name as entry element Scottish Natural Heritage
9 (RLIN) 2794
245 00 - TITLE STATEMENT
Title Siting and designing windfarms in the landscape
Remainder of title version 1
Medium [electronic resource]
260 ## - PUBLICATION, DISTRIBUTION, ETC.
Place of publication, distribution, etc. Inverness
Name of publisher, distributor, etc. SNH
Date of publication, distribution, etc. [2009]
520 ## - SUMMARY, ETC.
Summary, etc. Supersedes the landscape sections of "Guidelines on the Environmental Impacts of Windfarms and Small Scale Hydroelectric Schemes" published by SNH in 2001. Offers guidance on the main landscape and visual issues relevant to windfarm development. Part 1 of the guide sets out siting and design guidance for windfarms. Part 2 discusses strategic siting and design considerations for windfarms in relation to the requirements of SPP6.
521 ## - TARGET AUDIENCE NOTE
Target audience note Advanced
590 ## - LOCAL NOTE (RLIN)
Local note KA
651 #4 - SUBJECT ADDED ENTRY--GEOGRAPHIC NAME
Geographic name Scotland
Chronological subdivision 1999-
690 ## - LOCAL SUBJECT ADDED ENTRY--TOPICAL TERM (OCLC, RLIN)
Topical term or geographic name as entry element ENVIRONMENTAL AND LAND CONSULTANCY-ENERGY-RENEWABLE ENERGY
856 40 - ELECTRONIC LOCATION AND ACCESS
Uniform Resource Identifier <a href="https://www.snh.org.uk/pubs/detail.asp?id=1434">https://www.snh.org.uk/pubs/detail.asp?id=1434</a>
Public note View the report free of charge at www.snh.org.uk...
942 ## - ADDED ENTRY ELEMENTS (KOHA)
Suppress in OPAC 0
Holdings
Withdrawn status Lost status Source of classification or shelving scheme Damaged status Not for loan Home library Current library Shelving location Date acquired Total Checkouts Full call number Barcode Date last seen Copy number Price effective from Koha item type
    Dewey Decimal Classification     Virtual Virtual Online 17/02/2010   ONLINE PUBLICATION 149283-2001 06/08/2019 1 06/08/2019 Book